States with Lowest Trump Support - Statistics

General Stats
  • This quiz has been taken 81 times
  • The average score is 8 of 10
Answer Stats
# State % Correct
4 California
97%
6 New York
97%
10 Washington
93%
8 Rhode Island
88%
3 Hawaii
81%
1 Vermont
78%
7 Connecticut
74%
5 Maryland
74%
2 Massachusetts
74%
9 Illinois
67%
No matching quizzes found
Score Distribution
Percent of People with Each Score
Percentile by Number Answered
Your Score History
You have not taken this quiz